[Event "1516VL"]
[Site "Mecklenburg-Vorpommern"]
[Date "2016.03.13"]
[Round "7.1"]
[White "Roehl, Rainer"]
[Black "Zentgraf, Robert"]
[Result "1/2-1/2"]
[WhiteElo "2100"]
[BlackElo "2142"]
[PlyCount "67"]
[EventDate "2015.10.11"]
[EventType "team-tourn"]
[EventRounds "9"]
[EventCountry "GER"]
[SourceDate "2015.09.20"]
[WhiteTeam "SF Schwerin III"]
[BlackTeam "SAV Torgelow"]
[WhiteTeamCountry "GER"]
[BlackTeamCountry "GER"]

1. d4 Nf6 2. Nf3 e6 3. e3 c5 4. Bd3 b6 5. O-O Bb7 6. c4 cxd4 7. exd4 Be7 8. Nc3
d6 9. Re1 Nbd7 10. b3 O-O 11. Bf4 a6 12. Rc1 Rc8 13. Qe2 Re8 14. Ne4 Nxe4 15.
Bxe4 Bxe4 16. Qxe4 Nf6 17. Qd3 Qd7 18. a4 Qb7 19. h3 Red8 20. b4 Bf8 21. Bg5
Be7 22. Bf4 Rd7 23. Qe2 Qc6 24. b5 Qb7 25. Be3 axb5 26. axb5 Rdc7 27. Nd2 d5
28. Bf4 Rd7 29. Nf3 dxc4 30. Rxc4 Rxc4 31. Qxc4 Qd5 32. Qc6 Bb4 33. Rc1 h6 34.
Qxb6 1/2-1/2

[Event "1516VL"]
[Site "Mecklenburg-Vorpommern"]
[Date "2016.03.13"]
[Round "7.2"]
[White "Ehlers, Michael"]
[Black "Kutschke, Peter"]
[Result "1/2-1/2"]
[WhiteElo "1945"]
[BlackElo "2000"]
[PlyCount "58"]
[EventDate "2015.10.11"]
[EventType "team-tourn"]
[EventRounds "9"]
[EventCountry "GER"]
[SourceDate "2015.09.20"]
[WhiteTeam "SAV Torgelow"]
[BlackTeam "SF Schwerin III"]
[WhiteTeamCountry "GER"]
[BlackTeamCountry "GER"]

1. e4 d5 2. exd5 Qxd5 3. Nc3 Qd8 4. Nf3 Bg4 5. Be2 e6 6. O-O Nf6 7. Ne5 Bxe2 8.
Qxe2 c6 9. d3 h6 10. Ne4 Nbd7 11. Bf4 Be7 12. Nc4 O-O 13. a4 Nb6 14. Ncd6 Bxd6
15. Bxd6 Re8 16. Be5 Nxe4 17. dxe4 Qe7 18. Rfd1 Rad8 19. a5 Nc8 20. Qg4 f6 21.
Bf4 Kf8 22. Be3 b6 23. c3 c5 24. Kf1 Rxd1+ 25. Rxd1 Rd8 26. Ke1 Rxd1+ 27. Qxd1
Qc7 28. g3 Ne7 29. Qb3 Qd6 1/2-1/2

[Event "1516VL"]
[Site "Mecklenburg-Vorpommern"]
[Date "2016.03.13"]
[Round "7.3"]
[White "Wandel, Bernd"]
[Black "Schmekel, Florian"]
[Result "0-1"]
[WhiteElo "2023"]
[BlackElo "1929"]
[PlyCount "98"]
[EventDate "2015.10.11"]
[EventType "team-tourn"]
[EventRounds "9"]
[EventCountry "GER"]
[SourceDate "2015.09.20"]
[WhiteTeam "SF Schwerin III"]
[BlackTeam "SAV Torgelow"]
[WhiteTeamCountry "GER"]
[BlackTeamCountry "GER"]

1. d4 Nf6 2. c4 e6 3. Nc3 Bb4 4. Qc2 c5 5. dxc5 Bxc5 6. e3 b6 7. Nf3 Bb7 8. Be2
Nc6 9. a3 a5 10. O-O O-O 11. b3 Qc7 12. Nb5 Qb8 13. Bb2 Be7 14. Rad1 Rd8 15.
Bxf6 gxf6 16. Rd2 Na7 17. Nxa7 Rxa7 18. Qb2 d5 19. Nd4 Ba8 20. Nb5 Rad7 21.
Rfd1 Bc6 22. Nd4 Bb7 23. b4 Qa8 24. cxd5 Bxd5 25. Bf1 axb4 26. axb4 Ra7 27. b5
Rc8 28. Rc2 Rxc2 29. Qxc2 Bc5 30. Nb3 Ra2 31. Qb1 Be7 32. Nd4 Qa4 33. e4 Bxe4
34. Qxe4 Qxd1 35. Qe3 Qg4 36. h3 Qg5 37. Qb3 Qd2 38. Qg3+ Qg5 39. Qb3 Ra1 40.
Nc2 Rc1 41. Ne3 Bc5 42. Qd3 Kg7 43. Qd2 Ra1 44. Qb2 Ra4 45. Qe2 Re4 46. Qd3 Qf4
47. Ng4 h5 48. g3 Qf5 49. Ne3 Bxe3 0-1

[Event "1516VL"]
[Site "Mecklenburg-Vorpommern"]
[Date "2016.03.13"]
[Round "7.4"]
[White "Bauer, Norbert"]
[Black "Wagner, Ralph"]
[Result "0-1"]
[WhiteElo "1974"]
[BlackElo "1989"]
[PlyCount "110"]
[EventDate "2015.10.11"]
[EventType "team-tourn"]
[EventRounds "9"]
[EventCountry "GER"]
[SourceDate "2015.09.20"]
[WhiteTeam "SAV Torgelow"]
[BlackTeam "SF Schwerin III"]
[WhiteTeamCountry "GER"]
[BlackTeamCountry "GER"]

1. Nf3 d5 2. g3 c6 3. Bg2 Nf6 4. O-O Bg4 5. d4 Nbd7 6. c4 e6 7. Nc3 Be7 8. b3
O-O 9. Bb2 Qb6 10. Nd2 Qa5 11. h3 Bh5 12. a3 Rfe8 13. b4 Qc7 14. f4 Bg6 15. Rc1
Qb8 16. e4 dxe4 17. Ndxe4 Nxe4 18. Nxe4 Qc7 19. Qb3 Rad8 20. Rfd1 Nf6 21. Nf2
Qb6 22. Qc3 Bf8 23. Kh2 h5 24. h4 Bf5 25. Bf3 Rd7 26. Rd2 Red8 27. Rcd1 Qc7 28.
Qe3 a5 29. Bc3 axb4 30. axb4 Be7 31. Qe2 g6 32. Qe5 Ne8 33. Qxc7 Rxc7 34. Nd3
Nd6 35. Nb2 Be4 36. Kg2 f5 37. b5 cxb5 38. Ba5 Rdd7 39. Bxc7 Rxc7 40. cxb5 Rc3
41. Rf1 Rb3 42. Nd1 Bf6 43. Rb2 Rd3 44. Bxe4 Nxe4 45. Nf2 Rxg3+ 46. Kh2 Re3 47.
Nxe4 Rxe4 48. b6 Bxd4 49. Rb3 Kf7 50. Rc1 Rxf4 51. Rc7+ Kf6 52. Kh3 Rf2 53. Kg3
f4+ 54. Kh3 Be5 55. Rc8 f3 0-1

[Event "1516VL"]
[Site "Mecklenburg-Vorpommern"]
[Date "2016.03.13"]
[Round "7.5"]
[White "Fischer, Torsten"]
[Black "Massloch, Philipp"]
[Result "1-0"]
[WhiteElo "2014"]
[BlackElo "1663"]
[PlyCount "61"]
[EventDate "2015.10.11"]
[EventType "team-tourn"]
[EventRounds "9"]
[EventCountry "GER"]
[SourceDate "2015.09.20"]
[WhiteTeam "SF Schwerin III"]
[BlackTeam "SAV Torgelow"]
[WhiteTeamCountry "GER"]
[BlackTeamCountry "GER"]

1. e4 c5 2. Be2 Nc6 3. f4 d5 4. exd5 Qxd5 5. Nf3 g6 6. Nc3 Qd6 7. Ne4 Qd5 8.
Nc3 Qd6 9. d3 b6 10. O-O Bg7 11. Ne4 Qd8 12. c3 e6 13. Be3 Bb7 14. Qa4 Nge7 15.
d4 Nf5 16. Bf2 cxd4 17. Rad1 O-O 18. cxd4 Qc7 19. Ne5 Ncxd4 20. Rxd4 Nxd4 21.
Qxd4 Rfd8 22. Qc3 Qxc3 23. Nxc3 Rd2 24. Rb1 Rc8 25. Kf1 Bf8 26. Ke1 Rcd8 27.
Bh4 R8d4 28. g3 Bb4 29. Rc1 Kg7 30. Ng4 Bd5 31. Bf6+ 1-0

[Event "1516VL"]
[Site "Mecklenburg-Vorpommern"]
[Date "2016.03.13"]
[Round "7.6"]
[White "Kasel, Alexander"]
[Black "Goertz, Frank"]
[Result "0-1"]
[WhiteElo "1607"]
[BlackElo "1906"]
[PlyCount "74"]
[EventDate "2015.10.11"]
[EventType "team-tourn"]
[EventRounds "9"]
[EventCountry "GER"]
[SourceDate "2015.09.20"]
[WhiteTeam "SAV Torgelow"]
[BlackTeam "SF Schwerin III"]
[WhiteTeamCountry "GER"]
[BlackTeamCountry "GER"]

1. c4 Nf6 2. Nc3 c6 3. g3 d5 4. cxd5 cxd5 5. Bg2 e6 6. Nf3 Be7 7. O-O O-O 8. d3
Nc6 9. Bf4 Bd7 10. Rc1 Rc8 11. a3 a6 12. Na4 b5 13. Nc5 Qb6 14. b4 d4 15. Qb3
Rfd8 16. Nxd7 Nxd7 17. Ng5 Nce5 18. Ne4 Ng6 19. Bd2 Qb8 20. f4 Ngf8 21. f5 Rxc1
22. Bxc1 e5 23. Bg5 Nf6 24. Bxf6 Bxf6 25. Nxf6+ gxf6 26. Bd5 Qc7 27. Ra1 Qd7
28. Be4 Rc8 29. g4 Rc3 30. Qa2 Qc7 31. a4 Rc2 32. Qb3 Rxe2 33. axb5 axb5 34.
Qd5 Qc3 35. Rb1 Qd2 36. h3 Qe3+ 37. Kh1 Qxh3+ 0-1

[Event "1516VL"]
[Site "Mecklenburg-Vorpommern"]
[Date "2016.03.13"]
[Round "7.7"]
[White "Kupfernagel, Michael"]
[Black "Troemer, Felix"]
[Result "1-0"]
[WhiteElo "1901"]
[BlackElo "1479"]
[PlyCount "57"]
[EventDate "2015.10.11"]
[EventType "team-tourn"]
[EventRounds "9"]
[EventCountry "GER"]
[SourceDate "2015.09.20"]
[WhiteTeam "SF Schwerin III"]
[BlackTeam "SAV Torgelow"]
[WhiteTeamCountry "GER"]
[BlackTeamCountry "GER"]

1. d4 Nf6 2. Nc3 g6 3. e4 d6 4. f4 Bg7 5. Nf3 O-O 6. Be2 c6 7. O-O Qc7 8. e5
dxe5 9. fxe5 Nd5 10. Nxd5 cxd5 11. c3 Nc6 12. Be3 Bd7 13. Qd2 a6 14. Rf2 b5 15.
Raf1 Rfb8 16. Ne1 Be6 17. Nd3 f5 18. exf6 exf6 19. Bf4 Qe7 20. Bxb8 Rxb8 21.
Nc5 Bf7 22. b4 a5 23. a3 axb4 24. axb4 Qa7 25. Bd3 f5 26. Qb2 Bh6 27. Re2 Bg5
28. Ra1 Qb6 29. Nd7 1-0

[Event "1516VL"]
[Site "Mecklenburg-Vorpommern"]
[Date "2016.03.13"]
[Round "7.8"]
[White "Bress, Aaron"]
[Black "Focke, Adrian"]
[Result "0-1"]
[WhiteElo "1475"]
[BlackElo "1643"]
[PlyCount "106"]
[EventDate "2015.10.11"]
[EventType "team-tourn"]
[EventRounds "9"]
[EventCountry "GER"]
[SourceDate "2015.09.20"]
[WhiteTeam "SAV Torgelow"]
[BlackTeam "SF Schwerin III"]
[WhiteTeamCountry "GER"]
[BlackTeamCountry "GER"]

1. e4 c5 2. Nf3 e6 3. d4 cxd4 4. Nxd4 a6 5. Nc3 Qc7 6. Be3 Bb4 7. Qd2 Nf6 8. f3
d5 9. exd5 Nxd5 10. Nde2 O-O 11. Bf4 Bxc3 12. bxc3 Nxf4 13. Qxf4 Qxf4 14. Nxf4
Bd7 15. O-O-O Rd8 16. Bc4 Nc6 17. Rd2 Kf8 18. Rhd1 Be8 19. Rxd8 Rxd8 20. Rxd8
Nxd8 21. Bd3 h6 22. Be2 Ke7 23. Kd2 Nc6 24. Nd3 Kd6 25. Nb4 Kc5 26. a3 Na5 27.
Nd3+ Kd6 28. Nb2 Bc6 29. Ke3 e5 30. Bd3 Bd5 31. Be4 Bxe4 32. Kxe4 Ke6 33. c4
f5+ 34. Kd3 Kd6 35. g3 Nc6 36. c3 Nd8 37. Nd1 Ne6 38. Ne3 g6 39. Nd5 Nc7 40.
Ne3 Ne6 41. Nd5 Nc5+ 42. Kc2 e4 43. fxe4 Nxe4 44. Nf4 g5 45. Nd3 Nf6 46. Nf2
Ng4 47. Nxg4 fxg4 48. c5+ Kxc5 49. Kb3 b5 50. Kc2 Kc4 51. Kb2 Kd3 52. Kb3 a5
53. Kb2 a4 0-1

[Event "1516VL"]
[Site "Mecklenburg-Vorpommern"]
[Date "2016.03.13"]
[Round "7.1"]
[White "Waschk, Armin"]
[Black "Engel, Gunnar"]
[Result "1-0"]
[WhiteElo "2099"]
[BlackElo "2027"]
[PlyCount "53"]
[EventDate "2015.10.11"]
[EventType "team-tourn"]
[EventRounds "9"]
[EventCountry "GER"]
[SourceDate "2015.09.20"]
[WhiteTeam "SG Guestrow/Teterow"]
[BlackTeam "SSC Rostock 07 II"]
[WhiteTeamCountry "GER"]
[BlackTeamCountry "GER"]

1. e4 c5 2. Nf3 d6 3. d4 cxd4 4. Nxd4 Nf6 5. Nc3 a6 6. Bg5 e6 7. Qd2 h6 8. Bxf6
Qxf6 9. O-O-O Nc6 10. Nxc6 bxc6 11. Bc4 e5 12. Kb1 Be7 13. f3 O-O 14. Qe2 Ra7
15. g4 Be6 16. Bb3 Bxb3 17. axb3 Rc8 18. h4 Qe6 19. g5 h5 20. f4 exf4 21. Qxh5
Rac7 22. Rhg1 g6 23. Qf3 d5 24. exd5 cxd5 25. Nxd5 Bc5 26. Nxc7 Rxc7 27. Rd8+
1-0

[Event "1516VL"]
[Site "Mecklenburg-Vorpommern"]
[Date "2016.03.13"]
[Round "7.2"]
[White "Pererva, Viktor"]
[Black "Dettmann, Gerd"]
[Result "0-1"]
[WhiteElo "2007"]
[BlackElo "2081"]
[PlyCount "77"]
[EventDate "2015.10.11"]
[EventType "team-tourn"]
[EventRounds "9"]
[EventCountry "GER"]
[SourceDate "2015.09.20"]
[WhiteTeam "SSC Rostock 07 II"]
[BlackTeam "SG Guestrow/Teterow"]
[WhiteTeamCountry "GER"]
[BlackTeamCountry "GER"]

1. e4 c5 2. Nf3 e6 3. d4 cxd4 4. Nxd4 Nc6 5. Nc3 Qc7 6. Be3 Nf6 7. Bd3 a6 8.
O-O b5 9. Nxc6 dxc6 10. f4 Bb7 11. e5 Nd5 12. Nxd5 cxd5 13. c3 g6 14. Bd4 Bc6
15. Qe2 Be7 16. Kh1 O-O 17. Qe3 b4 18. f5 exf5 19. Bxf5 bxc3 20. Qxc3 Qb7 21.
e6 f6 22. Qg3 Be8 23. Rac1 Rc8 24. Bd3 Kg7 25. Qf4 Bb5 26. Bxb5 axb5 27. Qf3
Rc4 28. Rxc4 bxc4 29. b3 cxb3 30. axb3 Qc6 31. Qe3 Rc8 32. g4 h6 33. h4 Qc2 34.
Rf2 Qd1+ 35. Kh2 Bd6+ 36. Rf4 Rc2+ 37. Kg3 Qf1 38. Bxf6+ Kg8 39. h5 0-1

[Event "1516VL"]
[Site "Mecklenburg-Vorpommern"]
[Date "2016.03.13"]
[Round "7.3"]
[White "Fidorra, Thomas"]
[Black "Mangold, Thomas"]
[Result "1-0"]
[WhiteElo "1940"]
[BlackElo "1937"]
[PlyCount "85"]
[EventDate "2015.10.11"]
[EventType "team-tourn"]
[EventRounds "9"]
[EventCountry "GER"]
[SourceDate "2015.09.20"]
[WhiteTeam "SG Guestrow/Teterow"]
[BlackTeam "SSC Rostock 07 II"]
[WhiteTeamCountry "GER"]
[BlackTeamCountry "GER"]

1. e4 g6 2. d4 Bg7 3. Nc3 d6 4. Be3 a6 5. Qd2 Nd7 6. O-O-O b5 7. f3 Bb7 8. h4
Ngf6 9. g4 c5 10. dxc5 Nxc5 11. e5 Nxg4 12. fxg4 Bxh1 13. Bxc5 Bxe5 14. Bd4 Qc7
15. Bxe5 dxe5 16. Bg2 Bxg2 17. Qxg2 O-O 18. Qe4 Qc4 19. Qxe5 Rac8 20. Nge2 b4
21. Rd4 Qc6 22. Rxb4 Qh1+ 23. Kd2 Qxh4 24. Nd5 Rfd8 25. Rd4 e6 26. Nf6+ Kf8 27.
Nd7+ Kg8 28. g5 Rxd7 29. Rxd7 Qa4 30. Rc7 Rd8+ 31. Kc3 Qxa2 32. Nd4 Qd5 33.
Qxd5 Rxd5 34. Ra7 a5 35. Nb3 Rxg5 36. Rxa5 Rg2 37. Nd4 h5 38. b4 h4 39. Ra1 e5
40. Nc6 f6 41. b5 Rg3+ 42. Kc4 Rg4+ 43. Kd5 1-0

[Event "1516VL"]
[Site "Mecklenburg-Vorpommern"]
[Date "2016.03.13"]
[Round "7.4"]
[White "Brack, Peter"]
[Black "Dettmann, Holger"]
[Result "1/2-1/2"]
[WhiteElo "1941"]
[BlackElo "1919"]
[PlyCount "84"]
[EventDate "2015.10.11"]
[EventType "team-tourn"]
[EventRounds "9"]
[EventCountry "GER"]
[SourceDate "2015.09.20"]
[WhiteTeam "SSC Rostock 07 II"]
[BlackTeam "SG Guestrow/Teterow"]
[WhiteTeamCountry "GER"]
[BlackTeamCountry "GER"]

1. Nf3 Nf6 2. c4 g6 3. Nc3 Bg7 4. g3 O-O 5. Bg2 d6 6. O-O Nbd7 7. d3 a6 8. Rb1
Rb8 9. Qc2 Ng4 10. b4 Nge5 11. Nd2 b6 12. d4 Ng4 13. h3 Nh6 14. Nf3 Nf5 15. Rd1
e5 16. e3 Bb7 17. dxe5 Bxf3 18. Bxf3 Nxe5 19. Be2 a5 20. a3 axb4 21. axb4 Ne7
22. Kg2 Qc8 23. Nd5 Nxd5 24. cxd5 Ra8 25. Bb5 f5 26. Bb2 Qd8 27. Rdc1 Rf7 28.
Qb3 Nd7 29. Bc6 Bxb2 30. Rxb2 Ra7 31. Rbc2 Qf6 32. Bb5 Nf8 33. h4 Kg7 34. Be2
h5 35. Ra2 Rxa2 36. Qxa2 Qd8 37. Qa1+ Kh7 38. Qc3 Kg8 39. Bb5 Nh7 40. Bc6 Qf6
41. Qd3 Kg7 42. Bb5 Qe5 1/2-1/2

[Event "1516VL"]
[Site "Mecklenburg-Vorpommern"]
[Date "2016.03.13"]
[Round "7.5"]
[White "Kiel, Bernd"]
[Black "Celmer, Ole"]
[Result "0-1"]
[WhiteElo "1914"]
[BlackElo "1893"]
[PlyCount "78"]
[EventDate "2015.10.11"]
[EventType "team-tourn"]
[EventRounds "9"]
[EventCountry "GER"]
[SourceDate "2015.09.20"]
[WhiteTeam "SG Guestrow/Teterow"]
[BlackTeam "SSC Rostock 07 II"]
[WhiteTeamCountry "GER"]
[BlackTeamCountry "GER"]

1. e4 e5 2. Nf3 Nc6 3. c3 Nf6 4. d4 exd4 5. e5 Nd5 6. cxd4 Bb4+ 7. Bd2 Bxd2+ 8.
Nbxd2 O-O 9. Bb5 Nce7 10. O-O d6 11. Rc1 dxe5 12. Nxe5 Nf4 13. Ndf3 Be6 14. a3
c6 15. Ba4 Qb6 16. Qd2 Ned5 17. Bc2 Qd8 18. h4 Qf6 19. Ng5 Bf5 20. g4 Bxc2 21.
Qxc2 g6 22. Nd7 Qxd4 23. Nxf8 Rxf8 24. Rfd1 Qf6 25. Qc4 Qxb2 26. Rb1 Qe2 27.
Qxe2 Nxe2+ 28. Kg2 Ndc3 29. Re1 Nxb1 30. Rxb1 b6 31. Ne4 c5 32. Nf6+ Kg7 33. g5
Nd4 34. Re1 Ne6 35. a4 Rd8 36. Rb1 Rd4 37. a5 Rb4 38. axb6 axb6 39. Rd1 b5 0-1

[Event "1516VL"]
[Site "Mecklenburg-Vorpommern"]
[Date "2016.03.13"]
[Round "7.6"]
[White "Hodl, Ingolf"]
[Black "Ramp, Oliver"]
[Result "1-0"]
[WhiteElo "1922"]
[BlackElo "1791"]
[PlyCount "35"]
[EventDate "2015.10.11"]
[EventType "team-tourn"]
[EventRounds "9"]
[EventCountry "GER"]
[SourceDate "2015.09.20"]
[WhiteTeam "SSC Rostock 07 II"]
[BlackTeam "SG Guestrow/Teterow"]
[WhiteTeamCountry "GER"]
[BlackTeamCountry "GER"]

1. e4 c5 2. Nc3 a6 3. a4 b6 4. Bc4 Bb7 5. Nf3 e6 6. Qe2 d6 7. d4 cxd4 8. Nxd4
Nf6 9. O-O Be7 10. Bxe6 fxe6 11. Nxe6 Qd7 12. Nxg7+ Kd8 13. e5 Rg8 14. exf6
Bxf6 15. Ne6+ Qxe6 16. Qxe6 Rxg2+ 17. Kh1 Be5 18. Nd5 1-0

[Event "1516VL"]
[Site "Mecklenburg-Vorpommern"]
[Date "2016.03.13"]
[Round "7.8"]
[White "Schamber, Dennis"]
[Black "Hornecker, Siegfried"]
[Result "0-1"]
[WhiteElo "1695"]
[BlackElo "1880"]
[PlyCount "78"]
[EventDate "2015.10.11"]
[EventType "team-tourn"]
[EventRounds "9"]
[EventCountry "GER"]
[SourceDate "2015.09.20"]
[WhiteTeam "SSC Rostock 07 II"]
[BlackTeam "SG Guestrow/Teterow"]
[WhiteTeamCountry "GER"]
[BlackTeamCountry "GER"]

1. d4 Nf6 2. c4 e6 3. Nf3 Ne4 4. Qc2 f5 5. Nbd2 Bb4 6. a3 Nxd2 7. Bxd2 Bxd2+ 8.
Nxd2 Qf6 9. e3 b6 10. O-O-O Bb7 11. c5 O-O 12. f3 Qh6 13. Re1 Nc6 14. Bb5 a6
15. Bxc6 Bxc6 16. Kb1 b5 17. e4 fxe4 18. Nxe4 Rf4 19. Qd3 Raf8 20. Kc2 Qg6 21.
Rhg1 Bxe4 22. fxe4 Rf2+ 23. Re2 Qh5 24. g4 Qxh2 25. Rge1 Rxe2+ 26. Rxe2 Rf2 27.
Rxf2 Qxf2+ 28. Kc3 Qg2 29. d5 Qxg4 30. Kb4 h5 31. dxe6 Qxe6 32. e5 Qg4+ 33. Kc3
h4 34. Qd5+ Qe6 35. Qa8+ Kf7 36. Qf3+ Ke7 37. Qg2 Qxe5+ 38. Kd3 Qg3+ 39. Qxg3
hxg3 0-1

[Event "1516VL"]
[Site "Mecklenburg-Vorpommern"]
[Date "2016.04.10"]
[Round "8.1"]
[White "Waschk, Armin"]
[Black "Rabinowitsch, Juri"]
[Result "1-0"]
[WhiteElo "2099"]
[BlackElo "1888"]
[PlyCount "77"]
[EventDate "2015.10.11"]
[EventType "team-tourn"]
[EventRounds "9"]
[EventCountry "GER"]
[SourceDate "2015.09.20"]
[WhiteTeam "SG Guestrow/Teterow"]
[BlackTeam "SF Schwerin IV"]
[WhiteTeamCountry "GER"]
[BlackTeamCountry "GER"]

1. e4 c5 2. Nf3 d6 3. Bb5+ Bd7 4. Bxd7+ Qxd7 5. O-O Nc6 6. c3 Nf6 7. Qe2 g6 8.
Rd1 Bg7 9. d4 cxd4 10. cxd4 O-O 11. Nc3 e6 12. Bf4 Rac8 13. Rac1 Nh5 14. Bg5 h6
15. Be3 a6 16. d5 Ne5 17. Nxe5 dxe5 18. Qg4 Nf6 19. dxe6 Qxe6 20. Qxe6 fxe6 21.
f3 Rfd8 22. Rxd8+ Rxd8 23. Na4 Bf8 24. Nb6 Ne8 25. Kf2 Kf7 26. Ke2 g5 27. g4
Kf6 28. a3 Kf7 29. b4 Kf6 30. h3 Kg6 31. Bc5 Bxc5 32. Rxc5 Kf6 33. Nc4 Rd4 34.
Nb2 Nd6 35. Rc7 Nb5 36. Rxb7 Nxa3 37. Nd3 Rd6 38. Nc5 Nc4 39. Rc7 {ZÜ} 1-0

[Event "1516VL"]
[Site "Mecklenburg-Vorpommern"]
[Date "2016.04.10"]
[Round "8.2"]
[White "Jung, Werner"]
[Black "Dettmann, Gerd"]
[Result "0-1"]
[WhiteElo "1877"]
[BlackElo "2081"]
[PlyCount "28"]
[EventDate "2015.10.11"]
[EventType "team-tourn"]
[EventRounds "9"]
[EventCountry "GER"]
[SourceDate "2015.09.20"]
[WhiteTeam "SF Schwerin IV"]
[BlackTeam "SG Guestrow/Teterow"]
[WhiteTeamCountry "GER"]
[BlackTeamCountry "GER"]

1. e4 c5 2. Nf3 e6 3. g3 d5 4. exd5 exd5 5. d4 Nc6 6. Bg2 Bg4 7. O-O Nf6 8.
Re1+ Be7 9. dxc5 O-O 10. Be3 Ne4 11. c3 Nxc5 12. Na3 Qd7 13. Nb5 Ne6 14. Qd3
Bxf3 0-1

[Event "1516VL"]
[Site "Mecklenburg-Vorpommern"]
[Date "2016.04.10"]
[Round "8.3"]
[White "Luther, Alexander"]
[Black "Goertz, Frank"]
[Result "1-0"]
[WhiteElo "1961"]
[BlackElo "1906"]
[PlyCount "53"]
[EventDate "2015.10.11"]
[EventType "team-tourn"]
[EventRounds "9"]
[EventCountry "GER"]
[SourceDate "2015.09.20"]
[WhiteTeam "SG Guestrow/Teterow"]
[BlackTeam "SF Schwerin IV"]
[WhiteTeamCountry "GER"]
[BlackTeamCountry "GER"]

1. e4 e6 2. d4 d5 3. Nd2 Nf6 4. e5 Nfd7 5. Bd3 c5 6. c3 Nc6 7. Ne2 cxd4 8. cxd4
f6 9. Nf4 Qe7 10. Qh5+ Kd8 11. Nf3 Nxd4 12. Nxd4 Nxe5 13. Ke2 Nxd3 14. Nxd3 e5
15. Nb3 b6 16. Rd1 Bb7 17. Kf1 g6 18. Qh4 Bg7 19. Kg1 Ke8 20. Bd2 Kf7 21. Rac1
a5 22. a4 h5 23. f4 g5 24. fxg5 fxg5 25. Qxg5 Qd6 26. Rf1+ Bf6 27. Qxe5 1-0

[Event "1516VL"]
[Site "Mecklenburg-Vorpommern"]
[Date "2016.04.10"]
[Round "8.4"]
[White "Dittrich, Carsten"]
[Black "Fidorra, Thomas"]
[Result "0-1"]
[WhiteElo "1828"]
[BlackElo "1940"]
[PlyCount "40"]
[EventDate "2015.10.11"]
[EventType "team-tourn"]
[EventRounds "9"]
[EventCountry "GER"]
[SourceDate "2015.09.20"]
[WhiteTeam "SF Schwerin IV"]
[BlackTeam "SG Guestrow/Teterow"]
[WhiteTeamCountry "GER"]
[BlackTeamCountry "GER"]

1. d4 Nf6 2. Nf3 d5 3. e3 c5 4. dxc5 Qa5+ 5. Bd2 Qxc5 6. c4 dxc4 7. Qa4+ b5 8.
Bb4 Qb6 9. Qa3 Nc6 10. Bc5 b4 11. Bxb6 bxa3 12. Nxa3 axb6 13. Nb5 Ra5 14. O-O-O
e6 15. Nc7+ Ke7 16. b3 cxb3 17. Bb5 bxa2 18. Kb2 Ra7 19. Bxc6 Rxc7 20. Ne5 Nd7
0-1

[Event "1516VL"]
[Site "Mecklenburg-Vorpommern"]
[Date "2016.04.10"]
[Round "8.5"]
[White "Dettmann, Holger"]
[Black "Krueger, Gerhard"]
[Result "1-0"]
[WhiteElo "1919"]
[BlackElo "1815"]
[PlyCount "83"]
[EventDate "2015.10.11"]
[EventType "team-tourn"]
[EventRounds "9"]
[EventCountry "GER"]
[SourceDate "2015.09.20"]
[WhiteTeam "SG Guestrow/Teterow"]
[BlackTeam "SF Schwerin IV"]
[WhiteTeamCountry "GER"]
[BlackTeamCountry "GER"]

1. d4 Nf6 2. e3 d5 3. Bd3 c6 4. Ne2 e6 5. O-O Bd6 6. Nd2 Nbd7 7. f4 Ng4 8. Nf3
f5 9. c4 Ndf6 10. c5 Be7 11. h3 Nh6 12. Ne5 O-O 13. b4 Ne4 14. Bd2 Bd7 15. Be1
Be8 16. a4 a6 17. Rb1 b5 18. cxb6 Qxb6 19. Qc2 Nf7 20. Bxe4 fxe4 21. a5 Qb7 22.
Nxf7 Rxf7 23. Nc3 Rb8 24. Na4 Qc8 25. Bc3 Bd6 26. Nc5 Bxc5 27. dxc5 Rb5 28. Qd2
Rfb7 29. Qd4 Qd7 30. Rb2 Qf7 31. Rbf2 Re7 32. g4 Bd7 33. h4 Kf8 34. h5 Ke8 35.
h6 g6 36. Qe5 Qf8 37. Qc7 Qxh6 38. Rh2 Qf8 39. g5 Rf7 40. Bf6 Rxf6 41. gxf6
Rxb4 42. Rxh7 1-0

[Event "1516VL"]
[Site "Mecklenburg-Vorpommern"]
[Date "2016.04.10"]
[Round "8.6"]
[White "Voll, Andreas"]
[Black "Kiel, Bernd"]
[Result "1/2-1/2"]
[WhiteElo "1788"]
[BlackElo "1914"]
[PlyCount "61"]
[EventDate "2015.10.11"]
[EventType "team-tourn"]
[EventRounds "9"]
[EventCountry "GER"]
[SourceDate "2015.09.20"]
[WhiteTeam "SF Schwerin IV"]
[BlackTeam "SG Guestrow/Teterow"]
[WhiteTeamCountry "GER"]
[BlackTeamCountry "GER"]

1. Nf3 Nf6 2. g3 d5 3. d4 g6 4. Bg2 Bg7 5. O-O c6 6. Nbd2 O-O 7. c4 Be6 8. cxd5
Qxd5 9. Nb3 Qb5 10. Nc5 Bd5 11. a4 Qb6 12. a5 Qb5 13. Qc2 Nbd7 14. Nxd7 Nxd7
15. e4 Bb3 16. Qb1 Bc4 17. Re1 e5 18. Bh3 Bd3 19. Qa2 Bc4 20. Qa3 Rad8 21. Bxd7
Rxd7 22. Nxe5 Bxe5 23. dxe5 Qxe5 24. Bf4 Qh5 25. Re3 Rd1+ 26. Re1 Rfd8 27. Kg2
R1d3 28. Qe7 Qf3+ 29. Kg1 Be6 30. Qh4 h5 31. Be5 1/2-1/2

[Event "1516VL"]
[Site "Mecklenburg-Vorpommern"]
[Date "2016.04.10"]
[Round "8.7"]
[White "Ramp, Oliver"]
[Black "Frost, Jakob"]
[Result "1-0"]
[WhiteElo "1791"]
[BlackElo "1518"]
[PlyCount "73"]
[EventDate "2015.10.11"]
[EventType "team-tourn"]
[EventRounds "9"]
[EventCountry "GER"]
[SourceDate "2015.09.20"]
[WhiteTeam "SG Guestrow/Teterow"]
[BlackTeam "SF Schwerin IV"]
[WhiteTeamCountry "GER"]
[BlackTeamCountry "GER"]

1. e4 c6 2. c4 d5 3. cxd5 cxd5 4. exd5 Qxd5 5. Nc3 Qa5 6. Bb5+ Bd7 7. Bxd7+
Nxd7 8. d4 e6 9. Nf3 Ngf6 10. O-O Bd6 11. Qb3 Qb6 12. Nb5 Rb8 13. g3 Nd5 14.
Nd2 Be7 15. Nc4 Qa6 16. Bf4 Ra8 17. Bd6 N7b6 18. Bxe7 Kxe7 19. Rfe1 Rac8 20.
Nxb6 Nxb6 21. Qb4+ Kf6 22. Nd6 Nd5 23. Ne4+ Kg6 24. Qd2 h6 25. Nc5 Qb5 26. a4
Qb4 27. Qd3+ Kf6 28. Qf3+ Kg6 29. Qe4+ Kh5 30. Qe5+ g5 31. Nd3 Qd2 32. Rad1 Qc2
33. Rc1 Qd2 34. Rcd1 Qc2 35. Qg7 Rhf8 36. Ne5 Rh8 37. Qxf7+ 1-0

[Event "1516VL"]
[Site "Mecklenburg-Vorpommern"]
[Date "2016.04.10"]
[Round "8.8"]
[White "Weinstein, Arkadi"]
[Black "Hornecker, Siegfried"]
[Result "0-1"]
[WhiteElo "1681"]
[BlackElo "1880"]
[PlyCount "52"]
[EventDate "2015.10.11"]
[EventType "team-tourn"]
[EventRounds "9"]
[EventCountry "GER"]
[SourceDate "2015.09.20"]
[WhiteTeam "SF Schwerin IV"]
[BlackTeam "SG Guestrow/Teterow"]
[WhiteTeamCountry "GER"]
[BlackTeamCountry "GER"]

1. e4 e5 2. Nf3 Nc6 3. Bc4 Nf6 4. Ng5 d5 5. exd5 Na5 6. Bb5+ c6 7. dxc6 bxc6 8.
Be2 h6 9. Nh3 Qd5 10. O-O Bxh3 11. gxh3 h5 12. Re1 Rh6 13. Bf3 Rg6+ 14. Kf1 e4
15. Nc3 Qf5 16. Bg2 Bc5 17. d4 O-O-O 18. Be3 Nc4 19. dxc5 Rxd1 20. Raxd1 Rxg2
21. Kxg2 Qf3+ 22. Kf1 Qxh3+ 23. Ke2 Qf3+ 24. Kf1 Ng4 25. Bd4 e3 26. Re2 Qh1#
0-1